000 00622nam a2200133 a 4500
008 120416s0000 ||||||||||||||||| || u
020 _a0521358485
050 _aLF 110 Wil
100 _aWillis, Robert
245 1 4 _aThe architectural history of the University of Cambridge and of the Colleges of Cambridge and Eton
_cedited with large edition and brought to the present time by John Willis Clark
260 _aCambridge
_bThe University Press
_c1988
350 _a0.00
995 _D0.00
_FCBU-MAIN LIBRARY (Kitwe)
_H1
_I29.95
_UAVAILABLE
_ZMain Library Open Access Collection
999 _c34750
_d34750